000 01203nam a2200229Ia 4500
003 Ost
005 20260507075131.0
008 260507s9999||||xx |||||||||||||| ||und||
020 _a4008408977
040 _cfsecg
041 _aara
082 _a330
100 _aكويل، برايان
_eمؤلف
245 0 _aأسواق العملات الأجنبية /
_c برايان كويل
260 _aالقاهرة:
_bدار الفاروق للنشر والتوزيع,
_c2005
300 _a160 صفحة؛
_bإيضاحات ؛
_c24 سم
520 _aمقدمة لأسواق العملة الأجنبية- نشأة أسواق العملة الأجنبية- الصفقات الفورية- عقد صفقة فورية- الإرشادات العملية لعقد الصفقات الفورية- عقد الصرف الآجلة- إجراءات إنهاء العقود وتأجيل الإستحقاق- صفقات المبادلة والصفقات الآجلة قصيرة الآجل- عقد صفقة آجلة- الإرشادات العملية لعقد الصفقات الآجلة.
653 _aالأسواق
653 _aالعملات
653 _aالعملات الأجنبية
942 _cكتاب
999 _c43216
_d43216